000 00640cam a22002054a 4500
999 _c108782
_d108782
001 11954897
005 20181108112409.0
008 000327s2000 caua 001 0 eng
020 _a0534374751
040 _cPK-LaUMT
082 0 0 _a519.502855369
_221
_bCAR-D
100 1 _aCarver, Robert H.
245 1 0 _aDoing data analysis with SPSS 10.0 /
_cRobert H. Carver and Jane Gradwohl Nash
260 _aPacific Grove, CA :
_bDuxbury,
_c2000
300 _axvi, 335 p. :
_bill. ;
_c24 cm.
500 _aIncludes index.
650 0 _aSocial sciences
_xStatistical methods
_xComputer programs.
700 1 _aNash, Jane Gradwohl.
942 _cBK